JetBlue Destinations - Statistics

General Stats
  • This quiz has been taken 44 times
  • The average score is 75 of 108
Answer Stats
Country Destination % Correct
United States Philadelphia
100%
United States Atlanta
96%
United States Austin
96%
United States Boston
96%
United States Dallas/Fort Worth
96%
United Kingdom London
96%
United States Pittsburgh
96%
United States Chicago
93%
United States Houston
93%
United States Jacksonville
93%
United States Miami
93%
United States New York
93%
United States Phoenix
93%
United States San Francisco
93%
Costa Rica San José
93%
United States Washington
93%
United States Cleveland
89%
United States Denver
89%
United States Nashville
89%
United States Orlando
89%
France Paris
89%
United States Portland (ME)
89%
United States Portland (OR)
89%
United States San Diego
89%
Puerto Rico San Juan
89%
United States Seattle/Tacoma
89%
United States Tampa
89%
United States Buffalo
85%
United States Detroit
85%
United States New Orleans
85%
United States Raleigh/Durham
85%
Netherlands Amsterdam
81%
Mexico Cancún
81%
Ireland Dublin
81%
United States Fort Lauderdale
81%
United States Fort Myers
81%
United States Hartford
81%
St. Vincent & Grenadines Saint Vincent
81%
Sint Maarten Sint Maarten
81%
Aruba Aruba
78%
United States Key West
78%
Jamaica Kingston
78%
United States Las Vegas
78%
Spain Madrid
78%
United States Sacramento
78%
St. Kitts & Nevis Saint Kitts
78%
Dominican Republic Santo Domingo
78%
Canada Vancouver
78%
Bermuda Bermuda
74%
Curaçao Curaçao
74%
Grenada Grenada
74%
Guatemala Guatemala City
74%
United States Los Angeles
74%
Bahamas Nassau
74%
St. Lucia Saint Lucia
74%
United States Salt Lake City
74%
Dominican Republic Punta Cana
70%
Belize Belize City
67%
Barbados Bridgetown
67%
United States Charleston
67%
United States Milwaukee
67%
Jamaica Montego Bay
67%
Trinidad & Tobago Port of Spain
67%
United States Savannah
67%
United States Albuquerque
63%
United Kingdom Edinburgh
63%
Guayana Georgetown
63%
Costa Rica Liberia
63%
Colombia Medellín
63%
United States Rochester
63%
Mexico San José del Cabo
63%
United States Syracuse
63%
United States Albany
59%
Colombia Cartagena
59%
Ecuador Guayaquil
59%
United States Norfolk
59%
United States Richmond
59%
U.S. Virgin Islands Saint Croix
59%
U.S. Virgin Islands Saint Thomas
59%
United States Sarasota
59%
Cayman Islands Grand Cayman
56%
United States Manchester
56%
United States Reno
56%
United States West Palm Beach
56%
Puerto Rico Aguadilla
52%
United States Islip/Long Island
52%
United States Providence
52%
Turks & Caicos Providenciales
48%
Dominican Rebpulic Puerto Plata
48%
Mexico Tulum
48%
Netherlands Bonaire
44%
United States Burbank
44%
United States Martha's Vineyard
44%
United States Asheville
41%
United States Ontario
41%
Puerto Rico Ponce
41%
Honduras San Pedro Sula
41%
Dominican Republic Santiago de los Caballeros
41%
Antigua & Barbuda St. John's
41%
United States White Plains
41%
United States Wilmington
41%
United States Worcester
41%
United States Hyannis
33%
United States Nantucket
33%
United States Bozeman
26%
United States Hayden
26%
United States Presque Isle
19%
United States Traverse City
15%
No matching quizzes found
Score Distribution
Percent of People with Each Score
Percentile by Number Answered
Your Score History
You have not taken this quiz